01002nam a22001937a 450000500170000000800410001702000180005805000170007608200180009310000340011124500880014525000200023326000320025330000350028550001210032050503040044165000250074570000380077020231102152024.0170427s2012 sp a r 001 0 spa d a9788415457381 4aQA76.73bG65 4a005.72bG586c1 aGómez López, Julioeautor10aConstrucción de páginas webc / Julio Gómez López, Alfredo Alcayde García a[2a. edición] aMadridb : Starbookc, 2012 a188 páginasb: ilustraciones aTítulo en portada: Manual práctico construcción de páginas web Incluye: índice alfabético (pp.187-188)0 a- Los lenguajes de las marcas - Imágenes y elementos miltimedia - Técnicas de accesibilidad y usabilidad - Herramientas de edición web - Formularios en la construcción de páginas web - Plantillas en la construcción de páginas web - Hojas de estilo en la construcción de páginas web14aSITIOS WEBxDISEÑO1 aAlcayde García, Alfredo eautor